| 000 | 00348nam a2200121Ia 4500 | ||
|---|---|---|---|
| 008 | 190722s9999 xx 000 0 und d | ||
| 020 | _a978-81-8487-237-8 | ||
| 100 | _aAmar.K. Ganguly | ||
| 245 | 0 | _aEmbeded Systems (Design , Programming and Applications) | |
| 260 |
_aNew Delhi _bNarosa Publishing House Pvt. Ltd. _c2014 |
||
| 300 | _a402 | ||
| 942 | _cBK | ||
| 999 |
_c220 _d220 |
||